| 000 | 00505nam a2200205Ia 4500 | ||
|---|---|---|---|
| 003 | OSt | ||
| 005 | 20140407082754.0 | ||
| 008 | 140130s9999 xx 000 0 und d | ||
| 020 | _a0439693284 | ||
| 050 |
_aQL 638.9 _b.B4735 1999 |
||
| 100 | _aBerger, Melvin | ||
| 245 |
_cMelvin Berger. _aChomp! : _ba book about sharks / |
||
| 260 |
_bScholastic, _c1999. _aUSA : |
||
| 300 |
_a40 p. : _bcol. ill. ; _c23 cm. |
||
| 440 | _v1 | ||
| 521 | _aG2 | ||
| 526 | _c410 | ||
| 942 |
_cBK _2lcc |
||
| 999 |
_c47483 _d47483 |
||